Loading...
Science - Biology | 0 | 5 | 1 | 1 | 45 | 85 | 99.80 | 0 | 0 |
History - American History | 0 | 2 | 0 | 1 | 20 | 99 | 125.50 | 0 | 0 |
Fine Arts - Painting & Sculpture | 0 | 2 | 0 | 0 | 20 | 126 | 130.00 | 0 | 0 |
Science - Other Science | 0 | 2 | 0 | 0 | 20 | 108 | 120.50 | 0 | 0 |
Literature - European Literature | 0 | 1 | 0 | 0 | 10 | 138 | 138.00 | 0 | 1 |
Science - Physics | 0 | 1 | 0 | 0 | 10 | 115 | 115.00 | 0 | 0 |
History - European History | 0 | 1 | 0 | 0 | 10 | 135 | 135.00 | 0 | 0 |
Literature - American Literature | 0 | 1 | 0 | 1 | 10 | 148 | 148.00 | 0 | 0 |
Literature - British Literature | 0 | 1 | 0 | 0 | 10 | 128 | 128.00 | 0 | 0 |
Other Academic | 0 | 1 | 0 | 0 | 10 | 112 | 112.00 | 0 | 0 |
Philosophy | 0 | 1 | 0 | 0 | 10 | 130 | 130.00 | 0 | 0 |
Religion | 0 | 1 | 0 | 0 | 10 | 61 | 61.00 | 0 | 1 |
History - World History | 0 | 1 | 1 | 1 | 5 | 141 | 141.00 | 0 | 0 |
Literature - World Literature | 0 | 1 | 1 | 0 | 5 | 150 | 150.00 | 0 | 0 |
Science - Chemistry | 0 | 1 | 1 | 0 | 5 | 112 | 112.00 | 0 | 0 |
Fine Arts - Other Fine Arts | 0 | 1 | 2 | 0 | 0 | 54 | 54.00 | 1 | 1 |
History - Other History | 0 | 0 | 1 | 0 | -5 | 0.00 | 0 | 0 |